[Event "Hannover-ch U16/18"]
[Site "Stadthagen"]
[Date "2009.10.05"]
[Round "5"]
[White "Kleist, Soeren"]
[Black "Schippa, Robert"]
[Result "0-1"]
[WhiteElo "1407"]
[BlackElo "1517"]
[PlyCount "68"]
[EventDate "2009.10.03"]
[EventType "swiss"]
[EventRounds "7"]
[EventCountry "GER"]
[SourceTitle "EXT 2021"]
[Source "ChessBase"]
[SourceDate "2020.10.23"]
[SourceVersion "1"]
[SourceVersionDate "2020.10.23"]
[SourceQuality "1"]

1. e4 c5 2. c3 e6 3. d4 d5 4. exd5 Qxd5 5. Nf3 Nf6 6. Bf4 Nc6 7. Qa4 Bd7 8. Bb5 Be7 9. Nbd2 0-0 10. 0-0 a6 11. Bxc6 Bxc6 12. Qc2 cxd4 13. cxd4 Rac8 14. Rfe1 Bb5 15. Qd1 Qf5 16. Be5 Qc2 17. Qb1 Bb4 18. Rc1 Qxb1 19. Raxb1 Bd3 20. Ra1 Bc2 21. b3 Bc3 22. Nc4 Bxa1 23. Rxa1 b5 24. Nd6 Rcd8 25. Rc1 Be4 26. Ng5 Bg6 27. Rc6 Ne8 28. Rxa6 Nxd6 29. Bxd6 Rc8 30. h3 Rfd8 31. b4 h6 32. Nf3 Ra8 33. Rb6 Rxa2 34. Rxb5 Rxd6 0-1

[Event "Hannover-ch U16/18"]
[Site "Stadthagen"]
[Date "2009.10.04"]
[Round "3"]
[White "Schmugge, Jens"]
[Black "Schippa, Robert"]
[Result "0-1"]
[WhiteElo "1540"]
[BlackElo "1517"]
[PlyCount "118"]
[EventDate "2009.10.03"]
[EventType "swiss"]
[EventRounds "7"]
[EventCountry "GER"]
[SourceTitle "EXT 2021"]
[Source "ChessBase"]
[SourceDate "2020.10.23"]
[SourceVersion "1"]
[SourceVersionDate "2020.10.23"]
[SourceQuality "1"]

1. e4 c5 2. Nf3 d6 3. d4 cxd4 4. Nxd4 Nf6 5. Nc3 g6 6. Be2 Bg7 7. Be3 0-0 8. Qd2 Ng4 9. Bxg4 Bxg4 10. Bh6 Qb6 11. Bxg7 Kxg7 12. f3 Bd7 13. 0-0-0 Nc6 14. Nb3 a5 15. Na1 Nb4 16. Kb1 Be6 17. Nd5 Nxd5 18. exd5 Bd7 19. h4 h5 20. g4 Rh8 21. Rdg1 Rac8 22. gxh5 Rxh5 23. Rg5 Rch8 24. Rxh5 Rxh5 25. b3 Qc5 26. c4 a4 27. Qc3+ f6 28. b4 Bf5+ 29. Kb2 Qf2+ 30. Ka3 Bd7 31. b5 g5 32. Re1 Qc5+ 33. Kb2 Kf7 34. hxg5 Rxg5 35. Nc2 Bf5 36. Ne3 Bg6 37. Ng4 Bh5 38. Rxe7+ Kxe7 39. Qxf6+ Kd7 40. Qxg5 Qb4+ 41. Kc2 Qxc4+ 42. Kd1 Qd3+ 43. Ke1 Qb1+ 44. Kf2 Qxa2+ 45. Kg3 Bxg4 46. Qg7+ Kd8 47. Qxb7 Bxf3 48. Kxf3 Qb3+ 49. Ke4 Qc4+ 50. Kf5 Qc8+ 51. Qxc8+ Kxc8 52. Ke6 Kc7 53. b6+ Kxb6 54. Kxd6 a3 55. Ke7 a2 56. d6 a1Q 57. d7 Qe5+ 58. Kd8 Kc6 59. Kc8 Qc7# 0-1

[Event "Vellmar op 1st"]
[Site "Vellmar"]
[Date "2009.08.02"]
[Round "6"]
[White "Schippa, Robert"]
[Black "Shkolnik, Anastasia"]
[Result "0-1"]
[WhiteElo "1594"]
[BlackElo "1491"]
[PlyCount "82"]
[EventDate "2009.07.30"]
[EventType "swiss"]
[EventRounds "7"]
[EventCountry "GER"]
[SourceTitle "EXT 2018"]
[Source "ChessBase"]
[SourceDate "2017.10.13"]
[SourceVersion "1"]
[SourceVersionDate "2017.10.13"]
[SourceQuality "1"]

1. d4 d5 2. Nf3 Nf6 3. e3 Bg4 4. c4 e6 5. Qb3 Qc8 6. Ne5 Nbd7 7. Nxg4 Nxg4 8. cxd5 exd5 9. Qxd5 Ngf6 10. Qf3 c5 11. Nc3 cxd4 12. exd4 Bb4 13. Bb5 0-0 14. 0-0 Nb6 15. Bg5 Qg4 16. Qxg4 Nxg4 17. h3 h6 18. Bh4 g5 19. Bxg5 hxg5 20. hxg4 Kg7 21. a3 Be7 22. Rad1 Rh8 23. Rfe1 Bd6 24. g3 Rh3 25. Kg2 Rah8 26. Ne4 Be7 27. Nc5 Rh2+ 28. Kf3 Nd5 29. Bc4 Bxc5 30. dxc5 Nf6 31. Re7 Rf8 32. Rxb7 Kg6 33. c6 Nxg4 34. Rxf7 Ne5+ 35. Ke2 Nxf7 36. c7 Rc8 37. Rd7 Ne5 38. Rd6+ Kg7 39. Rd8 Rxc7 40. Rg8+ Kf6 41. Rf8+ Ke7 0-1

[Event "Vellmar op 1st"]
[Site "Vellmar"]
[Date "2009.08.01"]
[Round "5"]
[White "Engel, Markus"]
[Black "Schippa, Robert"]
[Result "0-1"]
[WhiteElo "1390"]
[BlackElo "1594"]
[PlyCount "56"]
[EventDate "2009.07.30"]
[EventType "swiss"]
[EventRounds "7"]
[EventCountry "GER"]
[SourceTitle "EXT 2018"]
[Source "ChessBase"]
[SourceDate "2017.10.13"]
[SourceVersion "1"]
[SourceVersionDate "2017.10.13"]
[SourceQuality "1"]

1. Nf3 Nf6 2. d4 g6 3. c4 Bg7 4. Nc3 d6 5. e4 0-0 6. Be2 e5 7. dxe5 dxe5 8. Bg5 Qxd1+ 9. Rxd1 Re8 10. Bxf6 Bxf6 11. Nd5 Bd8 12. 0-0 c6 13. Ne3 Bc7 14. b4 Nd7 15. c5 Nf6 16. Nd2 Be6 17. Bc4 Bxc4 18. Nexc4 Rad8 19. Rfe1 Rd4 20. f3 Red8 21. Kf1 b5 22. cxb6 axb6 23. Ke2 b5 24. Na5 Bxa5 25. bxa5 Ra4 26. Rc1 Rxa2 27. Red1 Rd6 28. Ra1 Rdxd2+ 0-1

[Event "Vellmar op 1st"]
[Site "Vellmar"]
[Date "2009.07.31"]
[Round "2"]
[White "Schippa, Robert"]
[Black "Smirnov, Alexej"]
[Result "1/2-1/2"]
[WhiteElo "1594"]
[BlackElo "1334"]
[PlyCount "65"]
[EventDate "2009.07.30"]
[EventType "swiss"]
[EventRounds "7"]
[EventCountry "GER"]
[SourceTitle "EXT 2018"]
[Source "ChessBase"]
[SourceDate "2017.10.13"]
[SourceVersion "1"]
[SourceVersionDate "2017.10.13"]
[SourceQuality "1"]

1. Nf3 d5 2. d4 Nf6 3. e3 Bf5 4. c4 c6 5. Qb3 Qb6 6. Nc3 e6 7. Qxb6 axb6 8. Bd2 Nbd7 9. cxd5 exd5 10. Nh4 Bg6 11. Nxg6 hxg6 12. Bd3 Bd6 13. h3 0-0 14. 0-0 Rfe8 15. a4 Nb8 16. Rfb1 Na6 17. Na2 Ne4 18. Bxe4 Rxe4 19. b4 Nc7 20. Nc3 Ree8 21. b5 Rab8 22. a5 bxa5 23. b6 Na6 24. Rxa5 Bb4 25. Ra2 Bxc3 26. Bxc3 Ra8 27. Rba1 f6 28. Kf1 Kf7 29. Bb4 Ke6 30. Ke2 Kd7 31. Bd2 f5 32. Kd3 Rac8 33. Ra5 1/2-1/2

[Event "Vellmar op 1st"]
[Site "Vellmar"]
[Date "2009.07.30"]
[Round "1"]
[White "Kleist, Soeren"]
[Black "Schippa, Robert"]
[Result "1/2-1/2"]
[WhiteElo "1328"]
[BlackElo "1594"]
[PlyCount "84"]
[EventDate "2009.07.30"]
[EventType "swiss"]
[EventRounds "7"]
[EventCountry "GER"]
[SourceTitle "EXT 2018"]
[Source "ChessBase"]
[SourceDate "2017.10.13"]
[SourceVersion "1"]
[SourceVersionDate "2017.10.13"]
[SourceQuality "1"]

1. e4 c5 2. c3 e6 3. d4 d5 4. exd5 Qxd5 5. Nf3 Nf6 6. Bg5 Be7 7. Nbd2 cxd4 8. cxd4 Nc6 9. Bc4 Qa5 10. Be3 0-0 11. 0-0 Ng4 12. h3 Nxe3 13. fxe3 Qc7 14. e4 Nxd4 15. Nxd4 Bc5 16. N2b3 e5 17. Nxc5 Qxc5 18. Qa4 Qxd4+ 19. Kh1 Bd7 20. Qb3 Be6 21. Bxe6 fxe6 22. Qxe6+ Kh8 23. Rf7 Rxf7 24. Qxf7 Qxe4 25. Rf1 h6 26. Rc1 Qe3 27. Rc7 Qg3 28. Rxb7 e4 29. Rb3 Qe5 30. Qf2 Rd8 31. Qe2 Rc8 32. Rc3 Rxc3 33. bxc3 e3 34. c4 Qc3 35. Kh2 Qd2 36. Qf1 Qf2 37. Qd1 e2 38. Qd8+ Kh7 39. Qd3+ Kg8 40. Qd8+ Kf7 41. Qd7+ Kg6 42. Qe6+ Kg5 1/2-1/2

[Event "Niedersachsen-chT U16"]
[Site "Verden an der Aller"]
[Date "2008.05.02"]
[Round "3.1"]
[White "Kessler, Marcel"]
[Black "Schippa, Robert"]
[Result "1-0"]
[WhiteElo "1745"]
[BlackElo "1296"]
[PlyCount "33"]
[EventDate "2008.05.01"]
[EventType "team"]
[EventRounds "7"]
[EventCountry "GER"]
[SourceTitle "EXT 2009"]
[Source "ChessBase"]
[SourceDate "2008.11.26"]
[SourceVersion "1"]
[SourceVersionDate "2008.11.26"]
[SourceQuality "1"]

1. d4 Nf6 2. Nf3 g6 3. e3 d6 4. c4 Bg7 5. Nc3 0-0 6. Be2 Nbd7 7. b4 e5 8. Bb2 Qe7 9. 0-0 Re8 10. Qc2 e4 11. Nd2 c6 12. Ba3 Qe6 13. Rab1 d5 14. cxd5 Nxd5 15. Ndxe4 Nxc3 16. Nxc3 f5 17. Bc4 1-0